| 000 | 01302nam a2200241 i 4500 | ||
|---|---|---|---|
| 001 | 82038 | ||
| 003 | ES-MaACL | ||
| 005 | 20230906174553.0 | ||
| 007 | t| | ||
| 008 | 041116s1892 sp |||| | spa d | ||
| 100 | 1 |
_aZorrilla de San Martín, Juan. _9118357 |
|
| 245 | 1 | 0 |
_aDescubrimiento y conquista del Río de la Plata / _cconferencia de Juan Zorrilla de San Martín, leída el día 25 de enero de 1892. |
| 260 |
_aMadrid : _b[s.n.], _c1892 ( _fSucesores de Rivadeneyra) |
||
| 300 |
_a26 p. ; _c25 cm. |
||
| 500 | _aForma parte de:"El continente americano : conferencias dadas en el Ateneo Científico, Literario y Artístico de Madrid con motivo del Cuarto Centenario del Descubrimiento de América". Madrid, 1894, tít. que agrupa todas las conferencias del ciclo en 3 v., cada una de ellas con port. y año propios. Esta publicación pertenece al v. 2. | ||
| 500 | _aPrecede al tít.: Ateneo de Madrid. | ||
| 610 | 2 | 4 |
_aAteneo de Madrid- _vConferencias- _yS.XIX. _91910 |
| 610 | 2 | 4 |
_aAteneo de Madrid- _vObras digitalizadas. _91930 |
| 651 |
_aRío de la Plata (Región)- _xDescubrimientos y exploraciones. _9174384 |
||
| 740 | 3 | 2 | _aEl continente americano. |
| 852 |
_aES-MaACL _jR-2604(6) |
||
| 856 |
_uhttp://www.ateneodemadrid.com/biblioteca_digital/folletos/Folletos-0043.pdf _zVer documento |
||
| 999 |
_c82038 _d82038 |
||